Songs from the First Line(s) - Disney Songs Edition - Statistics

General Stats
  • This quiz has been taken 246 times
  • The average score is 20 of 30
Answer Stats
Hint Answer % Correct
The snow glows white on the mountain tonight / Not a footprint to be seen / A kingdom of isolation / And it looks like I'm the queen Movie Frozen
92%
Let's get down to business, to defeat the Huns / Did they send me daughters when I asked for sons? / You're the saddest bunch I ever met Movie Mulan
92%
The snow glows white on the mountain tonight / Not a footprint to be seen / A kingdom of isolation / And it looks like I'm the queen Song Let It Go
91%
Look at this stuff, isn't it neat? / Wouldn't you think my collection's complete? / Wouldn't you think I'm the girl, the girl who has everything? Movie The Little Mermaid
89%
Well Ali Baba had them forty thieves / Scheherezad-ie had a thousand tales / But master you in luck 'cause up your sleeves Movie Aladdin
87%
Little town, it's a quiet village / Every day like the one before / Little town, full of little people / Waking up to say... / Bonjour! Bonjour! Bonjour! Bonjour! Bonjour! / There goes the baker with his tray, like always Movie Beauty and the Beast
87%
Look for the bare necessities / The simple bare necessities / Forget about your worries and your strife Movie The Jungle Book
87%
Look for the bare necessities / The simple bare necessities / Forget about your worries and your strife Song The Bare Necessities
84%
We dig, dig, dig, dig, dig, dig, dig / In a mine, the whole day through / To dig, dig, dig, dig, dig, dig, dig / Is what we like to do Movie Snow White and the Seven Dwarfs
83%
When you wish upon a star / Makes no difference who you are / Anything your heart desires / Will come to you Movie Pinocchio
80%
You think you own whatever land you land on / The Earth is just a dead thing you can claim / But I know every rock and tree and creature Movie Pocahontas
79%
Let's get down to business, to defeat the Huns / Did they send me daughters when I asked for sons? / You're the saddest bunch I ever met Song I'll Make a Man Out of You
77%
Look at this stuff, isn't it neat? / Wouldn't you think my collection's complete? / Wouldn't you think I'm the girl, the girl who has everything? Song Part of Your World
77%
When you wish upon a star / Makes no difference who you are / Anything your heart desires / Will come to you Song When You Wish Upon a Star
77%
I have often dreamed of a far off place / Where a hero's welcome would be waiting for me / Where the crowds would cheer, when they see my face Movie Hercules
72%
You think you own whatever land you land on / The Earth is just a dead thing you can claim / But I know every rock and tree and creature Song Colors of the Wind
68%
Little town, it's a quiet village / Every day like the one before / Little town, full of little people / Waking up to say... / Bonjour! Bonjour! Bonjour! Bonjour! Bonjour! / There goes the baker with his tray, like always Song Belle
67%
Well Ali Baba had them forty thieves / Scheherezad-ie had a thousand tales / But master you in luck 'cause up your sleeves Song Friend Like Me
64%
I have often dreamed of a far off place / Where a hero's welcome would be waiting for me / Where the crowds would cheer, when they see my face Song Go the Distance
56%
We dig, dig, dig, dig, dig, dig, dig / In a mine, the whole day through / To dig, dig, dig, dig, dig, dig, dig / Is what we like to do Song Heigh-Ho
54%
Come stop your crying / It will be alright / Just take my hand / Hold it tight / I will protect you / From all around you / I will be here / Don't you cry Movie Tarzan
53%
There's a calm surrender to the rush of day / When the heat of a rolling wind can be turned away / An enchanted moment, and it sees me through Movie The Lion King
52%
In every job that must be done / There is an element of fun / You find the fun and snap! / The job's a game / And every task you undertake Movie Mary Poppins
49%
Come stop your crying / It will be alright / Just take my hand / Hold it tight / I will protect you / From all around you / I will be here / Don't you cry Song You'll Be In My Heart
45%
There's a calm surrender to the rush of day / When the heat of a rolling wind can be turned away / An enchanted moment, and it sees me through Song Can You Feel The Love Tonight
44%
Drip, drip, drop / Little April shower / Beating a tune as you fall all around / Drip, drip, drop / Little April shower / What can compare to your beautiful sound Movie Bambi
43%
In every job that must be done / There is an element of fun / You find the fun and snap! / The job's a game / And every task you undertake Song A Spoonful of Sugar
40%
Drip, drip, drop / Little April shower / Beating a tune as you fall all around / Drip, drip, drop / Little April shower / What can compare to your beautiful sound Song Little April Shower
37%
The world is cruel / The world is wicked / It's I alone whom you can trust in this whole city / I am your only friend Movie The Hunchback of Notre Dame
30%
The world is cruel / The world is wicked / It's I alone whom you can trust in this whole city / I am your only friend Song Out There
19%
No matching quizzes found
Score Distribution
Percent of People with Each Score
Percentile by Number Answered
Your Score History
You have not taken this quiz